| 000 | 00785nam2a22002291 4500 | ||
|---|---|---|---|
| 001 | v19\rc\1266773 | ||
| 005 | 20250617211220.0 | ||
| 035 | _a(NLR Aleph) 004358214 | ||
| 090 |
_a3340311 _c3340311 |
||
| 100 | _a20060306d1895 |||y0rusy50 ca | ||
| 101 | 0 | _arus | |
| 102 | _aRU | ||
| 105 | _ay z ||||| | ||
| 200 | 1 | _aДневник школьника | |
| 210 |
_d1895 _aБ. м. |
||
| 461 | 0 |
_1001v19\rc\1266765 _12001#$aБиблиотека нашего юношества$v№ 8$90 _95196253 _cСанкт-Петербург _d1894-1895 _nМ.М. Ледерле и К° _tБиблиотека нашего юношества _v№ 8$90 |
|
| 700 | 1 |
_aАмичис _bЭ. |
|
| 801 | 0 |
_aRU _bNLR _gpsbo |
|
| 801 | 1 |
_aRU _bProSoft-M _2rusmarc |
|
| 852 |
_aNLR _j18.193.5.46 |
||
| 942 | _cBOOK | ||
| 980 | _aNB | ||